| 000 | 01413nam a22002417a 4500 | ||
|---|---|---|---|
| 999 |
_c59344 _d59344 |
||
| 003 | Ge_BSU | ||
| 005 | 20230125161224.0 | ||
| 008 | 230125s2022 ge ||||| |||| 00| 0 geo d | ||
| 020 | _a9789941491825 | ||
| 041 | _ageo | ||
| 080 | _a621.002.3 ხ-66 | ||
| 100 |
_aხმელიძე, თამაზ _916784 |
||
| 245 |
_aკომპოზიტური კონსტრუქციები : _b[სახელმძღვანელო] / _cთამაზ ხმელიძე, გელა ყიფიანი ; თამაზ ხმელიძის საერთო რედაქციით ; საქართველოს ტექნიკური უნივერსიტეტი. |
||
| 264 |
_aთბილისი : _bთბილისის უნივერსიტეტის გამომცემლობა, _c2022. |
||
| 300 |
_a460 გვ. : _bსურ. ; _c23 სმ. |
||
| 504 | _aბიბლიოგრაფია: გვ. 440-447. | ||
| 520 | _aრეზიუმე ინგლისურ ენაზე. | ||
| 653 | _aკომპოზიტური მასალები | ||
| 700 |
_aყიფიანი, გელა _eავტორი _916787 |
||
| 710 |
_aსაქართველოს ტექნიკური უნივერსიტეტი. _916788 |
||
| 773 | _tნაჩუქარი | ||
| 942 |
_2udc _cBK |
||